| 000 | 00525nam a2200169 a 4500 | ||
|---|---|---|---|
| 001 | 1418 | ||
| 003 | CDMR | ||
| 005 | 20130417102717.0 | ||
| 008 | 130130s1990||||||||||||||||||||||||||||d | ||
| 040 |
_aCDMR _bcat _cCDMR |
||
| 100 | 1 |
_aVallvé, Hermenegild _91083 |
|
| 245 | 1 | 0 |
_aHermenegild Vallvé _b: un reporter gràfic de la primera meitat del s. XX. |
| 260 |
_aTarragona _c1990 _bMuseu d'Art Modern de la Diputació de Tarragona |
||
| 650 | 0 | 4 |
_91270 _aFotoperiodisme |
| 650 | 0 | 4 |
_93145 _aFotografia _xExposicions |
| 942 |
_cMON _2udc |
||
| 999 |
_c1418 _d1418 |
||